000 00436nam a2200181Ia 4500
001 16739
005 20260306170333.0
008 260306t2005||||xx |||||||||||||| ||und||
041 _aESP
082 _a349.74
_bM63
100 _aMiras, Jorge
_eAUT
245 0 _aCompendio de derecho administrativo canónico
260 _c2005
300 _a355 páginas :
_c24 cm.
650 _aGEN
654 _aCDE
942 _cLIB
_dJUS
_fJUS
_2ddc
_n
999 _c16739
_d16739